[Event "Trois-Rivieres Mauricie op"]
[Site "Trois Rivieres"]
[Date "2019.03.15"]
[Round "1.9"]
[White "Ouellet, Maili Jade"]
[Black "Pepin, Christian"]
[Result "0-1"]
[WhiteElo "2267"]
[BlackElo "2015"]
[PlyCount "140"]
[EventDate "2019.03.15"]
[EventType "swiss"]
[EventRounds "5"]
[EventCountry "CAN"]
[SourceTitle "EXT 2022"]
[Source "ChessBase"]
[SourceDate "2021.10.06"]
[SourceVersion "1"]
[SourceVersionDate "2021.10.06"]
[SourceQuality "1"]

1. d4 d5 2. c4 e6 3. Nc3 c6 4. Nf3 f5 5. Bf4 Nf6 6. e3 Be7 7. Bd3 0-0 8. Qc2 Bd7 9. h3 Be8 10. g4 Ne4 11. gxf5 exf5 12. cxd5 Nxc3 13. bxc3 Qxd5 14. Qb3 Bf7 15. Qxd5 Bxd5 16. Ke2 Nd7 17. Rhg1 Bxf3+ 18. Kxf3 Nf6 19. Be5 g6 20. Ke2 Kf7 21. a4 Ke6 22. Rgb1 b6 23. a5 b5 24. a6 Nd5 25. Kd2 Nb6 26. Rc1 Bd6 27. Bxd6 Kxd6 28. c4 bxc4 29. Bxc4 Nxc4+ 30. Rxc4 Rab8 31. Kc3 Rb6 32. Rb4 Rxb4 33. Kxb4 Rb8+ 34. Kc3 Rb5 35. Ra4 Kc7 36. f3 Kb6 37. Kc4 Rb1 38. e4 fxe4 39. fxe4 Rc1+ 40. Kd3 c5 41. d5 Rh1 42. e5 Rxh3+ 43. Ke2 Rh2+ 44. Kf3 Rd2 45. d6 Kc6 46. Re4 Kd7 47. e6+ Ke8 48. d7+ Ke7 49. Kf4 Rd6 50. Re5 c4 51. Kg5 c3 52. Kh6 c2 53. Rc5 Kxe6 54. Kxh7 Kxd7 55. Rxc2 Rxa6 56. Kh6 Rc6 57. Ra2 a6 58. Kg5 Kc7 59. Kf4 Kb7 60. Ke5 g5 61. Kd5 g4 62. Rg2 Rg6 63. Rg3 a5 64. Kc5 Rg5+ 65. Kc4 Ka6 66. Kb3 Kb5 67. Ka3 Kc4 68. Kb2 Kd4 69. Kc2 Ke4 70. Kd2 Kf4 0-1

[Event "Trois-Rivieres Mauricie op"]
[Site "Trois Rivieres"]
[Date "2016.03.19"]
[Round "2"]
[White "Gelet, Seymour"]
[Black "Pepin, Christian"]
[Result "1-0"]
[WhiteElo "2142"]
[BlackElo "1985"]
[PlyCount "55"]
[EventDate "2016.03.18"]
[EventType "swiss"]
[EventRounds "5"]
[EventCountry "CAN"]
[SourceTitle "EXT 2022"]
[Source "ChessBase"]
[SourceDate "2021.10.06"]
[SourceVersion "1"]
[SourceVersionDate "2021.10.06"]
[SourceQuality "1"]

1. d4 d5 2. c4 e6 3. Nf3 c6 4. g3 f5 5. Bg2 Nf6 6. Bf4 Bd6 7. Bxd6 Qxd6 8. 0-0 Qb4 9. Qc1 Qxc4 10. Qxc4 dxc4 11. Ne5 Nbd7 12. Nxc4 Nb6 13. b3 Bd7 14. Nd6+ Ke7 15. Nxb7 a5 16. a3 Nbd5 17. Rc1 g5 18. Nd2 Ra7 19. Nc5 h5 20. Nc4 Rc8 21. Ne5 Be8 22. Ra2 Ng4 23. Nf3 Kf6 24. Nxg5 Kxg5 25. Nxe6+ Kf6 26. Bxd5 cxd5 27. Rxc8 Bd7 28. Rc7 1-0

[Event "Trois-Rivieres Mauricie op"]
[Site "Trois Rivieres"]
[Date "2016.03.19"]
[Round "3"]
[White "Pepin, Christian"]
[Black "Hajiyev, Elshad"]
[Result "1-0"]
[WhiteElo "1985"]
[BlackElo "2108"]
[PlyCount "59"]
[EventDate "2016.03.18"]
[EventType "swiss"]
[EventRounds "5"]
[EventCountry "CAN"]
[SourceTitle "EXT 2022"]
[Source "ChessBase"]
[SourceDate "2021.10.06"]
[SourceVersion "1"]
[SourceVersionDate "2021.10.06"]
[SourceQuality "1"]

1. e4 c5 2. Nf3 Nc6 3. c3 d5 4. exd5 Qxd5 5. d4 Nf6 6. Be2 e6 7. Be3 cxd4 8. cxd4 Ng4 9. Nc3 Qd6 10. Bg5 h6 11. Bh4 Qb4 12. 0-0 g5 13. Bg3 f5 14. d5 f4 15. dxc6 fxg3 16. Qd3 gxh2+ 17. Kh1 Kf7 18. Ne4 Be7 19. Nfxg5+ hxg5 20. Bxg4 bxc6 21. f4 Kg7 22. Rae1 gxf4 23. a3 Qb5 24. Qc3+ e5 25. Bxc8 Raxc8 26. Rxf4 Rh6 27. Ng3 Rc7 28. Rxe5 Bf6 29. Rxf6 Qa4 30. Rg5+ 1-0

[Event "Canadian op U2400"]
[Site "Montreal"]
[Date "2014.07.24"]
[Round "7"]
[White "De Barberis, Massimo"]
[Black "Pepin, Christian"]
[Result "1-0"]
[WhiteElo "2070"]
[BlackElo "1929"]
[PlyCount "85"]
[EventDate "2014.07.19"]
[EventType "swiss"]
[EventRounds "9"]
[EventCountry "CAN"]
[SourceTitle "EXT 2022"]
[Source "ChessBase"]
[SourceDate "2021.10.06"]
[SourceVersion "1"]
[SourceVersionDate "2021.10.06"]
[SourceQuality "1"]

1. e4 e6 2. d4 d5 3. e5 c5 4. c3 Nc6 5. Nf3 Bd7 6. a3 a5 7. Bd3 Nge7 8. Be3 Qc7 9. Nbd2 c4 10. Bc2 a4 11. 0-0 Nf5 12. Bf4 Nce7 13. g4 Nh6 14. Ng5 b5 15. Nxh7 Ng6 16. Bxg6 fxg6 17. Nxf8 Rxf8 18. Bg5 Kf7 19. f4 Rh8 20. Kg2 Kg8 21. Kg3 Rf8 22. Nf3 Be8 23. Qc2 Qd7 24. Rf2 Rh7 25. Raf1 Qf7 26. Nh4 Rh8 27. h3 Nf5+ 28. gxf5 gxf5 29. Rg2 Qd7 30. Kh2 Bh5 31. Rfg1 Rh7 32. Bf6 Rf7 33. Ng6 Bg4 34. Rxg4 fxg4 35. Rxg4 gxf6 36. exf6 Qe8 37. Ne7+ Kh8 38. Qg6 Rxe7 39. fxe7 Qxg6 40. Rxg6 Rxe7 41. h4 Kh7 42. h5 Re8 43. Kg3 1-0

[Event "Canadian op U2400"]
[Site "Montreal"]
[Date "2014.07.23"]
[Round "6"]
[White "Trottier, Emile"]
[Black "Pepin, Christian"]
[Result "1/2-1/2"]
[WhiteElo "2168"]
[BlackElo "1929"]
[PlyCount "95"]
[EventDate "2014.07.19"]
[EventType "swiss"]
[EventRounds "9"]
[EventCountry "CAN"]
[SourceTitle "EXT 2022"]
[Source "ChessBase"]
[SourceDate "2021.10.06"]
[SourceVersion "1"]
[SourceVersionDate "2021.10.06"]
[SourceQuality "1"]

1. e4 e6 2. d4 d5 3. e5 c5 4. c3 Nc6 5. Nf3 Bd7 6. a3 a5 7. Bd3 Nge7 8. 0-0 Nf5 9. dxc5 Nh4 10. Bf4 Bxc5 11. Nbd2 Ng6 12. Bg3 0-0 13. Qe2 f5 14. exf6 Qxf6 15. Nb3 Ba7 16. Bd6 Rf7 17. Bxg6 Qxg6 18. Ne5 Nxe5 19. Bxe5 a4 20. Nd4 Rc8 21. f4 Rc4 22. Kh1 Bxd4 23. Bxd4 Bb5 24. Qe3 Qe4 25. Rf3 Qxe3 26. Rxe3 Rc6 27. Be5 g6 28. h4 Bc4 29. Rae1 Rf8 30. h5 d4 31. Bxd4 Rxf4 32. hxg6 hxg6 33. Rh3 b5 34. Ree3 Rf5 35. Rh8+ Kf7 36. Rh7+ Ke8 37. Be5 Rh5+ 38. Rxh5 gxh5 39. Bd4 Kf7 40. Rg3 e5 41. Bxe5 Rc5 42. Re3 Kg6 43. Kh2 Rd5 44. Bd4 Rf5 45. Re7 Rf1 46. Rg7+ Kf5 47. Rh7 Kg6 48. Rg7+ 1/2-1/2

[Event "Gatineau CC-ch semi rapid"]
[Site "Gatineau"]
[Date "2014.03.25"]
[Round "6"]
[White "Brousseau, Yvan"]
[Black "Pepin, Christian"]
[Result "1-0"]
[WhiteElo "1706"]
[BlackElo "1814"]
[PlyCount "52"]
[EventDate "2014.03.25"]
[EventType "swiss (rapid)"]
[EventRounds "6"]
[EventCountry "CAN"]
[SourceTitle "EXT 2022"]
[Source "ChessBase"]
[SourceDate "2021.10.06"]
[SourceVersion "1"]
[SourceVersionDate "2021.10.06"]
[SourceQuality "1"]

1. b3 d5 2. Bb2 Bf5 3. f4 e6 4. Nf3 Nf6 5. e3 Be7 6. d3 c5 7. Nbd2 Nc6 8. Ne5 Qc7 9. Ndf3 Bd6 10. Qd2 0-0-0 11. 0-0-0 Ng4 12. Nxg4 Bxg4 13. Bxg7 Rhg8 14. Bf6 Rd7 15. Be2 d4 16. g3 Nb4 17. exd4 Rg6 18. Be5 Qa5 19. a4 b5 20. c3 Nd5 21. c4 Nc3 22. Kc2 cxd4 23. Bxd4 b4 24. Rde1 Bc5 25. Bxc5 Rxd3 26. Qxd3 Bf5 1-0

[Event "Gatineau CC-ch semi rapid"]
[Site "Gatineau"]
[Date "2014.03.25"]
[Round "3"]
[White "Pepin, Christian"]
[Black "Gagnon, Fabien"]
[Result "1-0"]
[WhiteElo "1814"]
[BlackElo "1775"]
[PlyCount "67"]
[EventDate "2014.03.25"]
[EventType "swiss (rapid)"]
[EventRounds "6"]
[EventCountry "CAN"]
[SourceTitle "EXT 2022"]
[Source "ChessBase"]
[SourceDate "2021.10.06"]
[SourceVersion "1"]
[SourceVersionDate "2021.10.06"]
[SourceQuality "1"]

1. e4 c5 2. Nf3 d6 3. d4 cxd4 4. Nxd4 Nf6 5. Nc3 a6 6. Be3 e6 7. h3 Be7 8. Bd3 0-0 9. 0-0 Nc6 10. a3 e5 11. Nde2 Be6 12. f4 exf4 13. Nxf4 Ne5 14. Nxe6 fxe6 15. Qe2 Qc7 16. Rf2 b5 17. Raf1 Rab8 18. g4 Nfd7 19. Qd2 Nc4 20. Bxc4 Qxc4 21. Bg5 Rxf2 22. Rxf2 Bxg5 23. Qxg5 Qc5 24. Qe7 Rf8 25. Qxe6+ Kh8 26. Nd1 Ne5 27. Kg2 Rxf2+ 28. Nxf2 h6 29. Qd5 Qxc2 30. Qxd6 Qxb2 31. Qxa6 Nd3 32. Qc8+ Kh7 33. Qf5+ g6 34. Qd7+ 1-0

[Event "Trois-Rivieres Mauricie op"]
[Site "Trois Rivieres"]
[Date "2011.03.20"]
[Round "4"]
[White "Libersan, Thierry"]
[Black "Pepin, Christian"]
[Result "1-0"]
[WhiteElo "2115"]
[BlackElo "1933"]
[PlyCount "75"]
[EventDate "2011.03.18"]
[EventType "swiss"]
[EventRounds "5"]
[EventCountry "CAN"]
[SourceTitle "EXT 2022"]
[Source "ChessBase"]
[SourceDate "2021.10.06"]
[SourceVersion "1"]
[SourceVersionDate "2021.10.06"]
[SourceQuality "1"]

1. c4 c5 2. Nf3 Nc6 3. d4 cxd4 4. Nxd4 Nf6 5. Nc3 e6 6. Ndb5 d6 7. Bf4 e5 8. Bg5 a6 9. Na3 Be7 10. g3 Qb6 11. Na4 Qa5+ 12. Bd2 Qc7 13. Bg2 0-0 14. 0-0 Be6 15. Bg5 h6 16. Bxf6 Bxf6 17. Qd2 Nd4 18. e3 Bh3 19. Nc3 Bxg2 20. Kxg2 Ne6 21. Nd5 Qc6 22. f3 Bd8 23. Rfd1 Qd7 24. Rac1 Ng5 25. Qe2 Qh3+ 26. Kh1 f5 27. Nb1 e4 28. f4 Nf3 29. Nd2 Qh5 30. Rf1 g5 31. Nxf3 exf3 32. Qxf3 Qxf3+ 33. Rxf3 g4 34. Rf2 Kf7 35. e4 fxe4 36. Re1 Re8 37. Rfe2 Bf6 38. Nc7 1-0

[Event "Quebec-ch opB"]
[Site "Montreal"]
[Date "2010.07.29"]
[Round "7"]
[White "Pepin, Christian"]
[Black "Abran, David"]
[Result "1/2-1/2"]
[WhiteElo "1964"]
[BlackElo "1798"]
[PlyCount "109"]
[EventDate "2010.07.24"]
[EventType "swiss"]
[EventRounds "9"]
[EventCountry "CAN"]
[SourceTitle "EXT 2013"]
[Source "ChessBase"]
[SourceDate "2012.11.22"]
[SourceVersion "1"]
[SourceVersionDate "2012.11.22"]
[SourceQuality "1"]

1. e4 c5 2. Nc3 Nc6 3. g3 g6 4. Bg2 Bg7 5. Nge2 e6 6. 0-0 Nge7 7. d3 0-0 8. Be3 d6 9. d4 cxd4 10. Nxd4 Nxd4 11. Bxd4 e5 12. Be3 a6 13. Qd2 Qc7 14. Rad1 Rd8 15. Na4 Qc6 16. Nb6 Rb8 17. Nxc8 Rbxc8 18. Qb4 b5 19. Rd2 Qc4 20. Qa5 Nc6 21. Qa3 Bf8 22. Qb3 Na5 23. Qd3 Qxa2 24. b3 Qb2 25. Bb6 Rc3 26. Bxa5 Rxd3 27. cxd3 Qxb3 28. Bxd8 Qc3 29. Ra2 Kg7 30. Rxa6 Qc8 31. Rb6 Qxd8 32. Rxb5 Qc8 33. Rfb1 h5 34. h4 g5 35. hxg5 Qg4 36. Bf1 h4 37. Kg2 Be7 38. Re1 hxg3 39. Re3 gxf2+ 40. Rg3 Qd7 41. Rb2 d5 42. Rxf2 dxe4 43. dxe4 Qa4 44. Bd3 Bc5 45. Rf1 Qa2+ 46. Kh3 Be7 47. Rf5 Kg6 48. Rxe5 Bd6 49. Rd5 Bxg3 50. Kxg3 Kg7 51. Kf3 Qh2 52. Ke3 Qg1+ 53. Kf4 Qf2+ 54. Kg4 Qg2+ 55. Kf4 1/2-1/2

[Event "Quebec-ch opB"]
[Site "Montreal"]
[Date "2010.07.28"]
[Round "6"]
[White "Carrier, Claude"]
[Black "Pepin, Christian"]
[Result "1/2-1/2"]
[WhiteElo "1939"]
[BlackElo "1964"]
[PlyCount "61"]
[EventDate "2010.07.24"]
[EventType "swiss"]
[EventRounds "9"]
[EventCountry "CAN"]
[SourceTitle "EXT 2013"]
[Source "ChessBase"]
[SourceDate "2012.11.22"]
[SourceVersion "1"]
[SourceVersionDate "2012.11.22"]
[SourceQuality "1"]

1. e4 c6 2. d4 d5 3. Nd2 dxe4 4. Nxe4 Nd7 5. Bd3 Ngf6 6. Ng5 e6 7. Qe2 Bd6 8. N1f3 h6 9. Ne4 Nxe4 10. Qxe4 Nf6 11. Qh4 Qa5+ 12. Bd2 Qh5 13. Qxh5 Nxh5 14. Ne5 Nf6 15. 0-0-0 Bxe5 16. dxe5 Ng4 17. Rde1 Nxf2 18. Rhf1 Nxd3+ 19. cxd3 0-0 20. Rf3 c5 21. Ref1 Bd7 22. g4 Bc6 23. Rg3 Kh7 24. h4 g6 25. b4 b6 26. bxc5 bxc5 27. Be3 Rac8 28. Kd2 Bb5 29. Rc1 Rfd8 30. Bxc5 Rd7 31. d4 1/2-1/2

[Event "Quebec-ch opB"]
[Site "Montreal"]
[Date "2010.07.25"]
[Round "2"]
[White "Keane McCarney, Eamon"]
[Black "Pepin, Christian"]
[Result "0-1"]
[WhiteElo "1608"]
[BlackElo "1964"]
[PlyCount "76"]
[EventDate "2010.07.24"]
[EventType "swiss"]
[EventRounds "9"]
[EventCountry "CAN"]
[SourceTitle "EXT 2013"]
[Source "ChessBase"]
[SourceDate "2012.11.22"]
[SourceVersion "1"]
[SourceVersionDate "2012.11.22"]
[SourceQuality "1"]

1. e4 e6 2. d4 d5 3. Nc3 Nf6 4. Bg5 Bb4 5. e5 h6 6. exf6 hxg5 7. fxg7 Rg8 8. a3 Ba5 9. Qh5 Qf6 10. Nf3 Qxg7 11. Be2 Nd7 12. g4 Nf6 13. Qh3 Rh8 14. Qg2 Ne4 15. b4 Bb6 16. Nxe4 dxe4 17. Nd2 Qxd4 18. Ra2 e3 19. fxe3 Qc3 20. e4 Bd7 21. Bd3 0-0-0 22. Kd1 Ba4 23. Kc1 Rxd3 24. Kd1 Be3 25. Kc1 Rxd2 26. Qxd2 Qxd2+ 27. Kb1 Rxh2 28. Rxh2 Qxh2 29. Rb2 Bd4 30. c3 Qh1+ 31. Ka2 Bxc3 32. b5 Bxb2 33. Kxb2 Qf3 34. b6 Qb3+ 35. Ka1 Qc3+ 36. Kb1 Bb3 37. bxa7 Qc2+ 38. Ka1 Qa2# 0-1

[Event "Mauricie op"]
[Site "Trois Rivieres"]
[Date "2009.03.20"]
[Round "1"]
[White "Pepin, Christian"]
[Black "Trinh, Tri Bao"]
[Result "0-1"]
[WhiteElo "1957"]
[BlackElo "2066"]
[PlyCount "94"]
[EventDate "2009.03.20"]
[EventType "swiss"]
[EventRounds "5"]
[EventCountry "CAN"]
[SourceTitle "EXT 2011"]
[Source "ChessBase"]
[SourceDate "2010.11.26"]
[SourceVersion "1"]
[SourceVersionDate "2010.11.26"]
[SourceQuality "1"]

1. e4 c5 2. Nf3 Nc6 3. c3 Nf6 4. Qc2 d6 5. d4 cxd4 6. cxd4 g6 7. Nc3 Bg7 8. h3 0-0 9. Be3 d5 10. e5 Bf5 11. Qb3 Ne4 12. Qxd5 Nb4 13. Qxd8 Nc2+ 14. Kd1 Rfxd8 15. Nxe4 Bxe4 16. Nd2 Nxa1 17. Nxe4 Bxe5 18. Kc1 Bxd4 19. Bxd4 Rxd4 20. Nc3 Rad8 21. Be2 Rd2 22. Rd1 Rc2+ 23. Kb1 Rxd1+ 24. Bxd1 Rxf2 25. g4 e5 26. Kxa1 f5 27. Kb1 e4 28. Kc1 e3 29. gxf5 gxf5 30. Ne2 f4 31. Nd4 Kg7 32. Be2 Kf6 33. Kd1 Rh2 34. Nf3 Rxh3 35. Kc2 Rg3 36. Kd3 Rg2 37. a4 Rf2 38. b4 b6 39. a5 bxa5 40. bxa5 Kf5 41. a6 Kg4 42. Nd4+ Kg3 43. Ke4 Rh2 44. Bf3 Ra2 45. Bd1 Rxa6 46. Ne2+ Kf2 47. Nxf4 Ra3 0-1

[Event "Gatineau Hull CC 28 Ann-A"]
[Site "Gatineau"]
[Date "2007.09.25"]
[Round "3"]
[White "Desjardins, Michel"]
[Black "Pepin, Christian"]
[Result "0-1"]
[WhiteElo "1950"]
[BlackElo "1950"]
[PlyCount "78"]
[EventDate "2007.09.11"]
[EventType "tourn"]
[EventRounds "5"]
[EventCountry "CAN"]
[SourceTitle "EXT 2022"]
[Source "ChessBase"]
[SourceDate "2021.10.06"]
[SourceVersion "1"]
[SourceVersionDate "2021.10.06"]
[SourceQuality "1"]

1. e4 c6 2. d4 d5 3. e5 c5 4. dxc5 Nc6 5. Bb5 Bf5 6. Be3 e6 7. Nc3 Nge7 8. Nf3 Bg4 9. h3 Bh5 10. g4 Bg6 11. Qd2 Qc7 12. Ba4 a6 13. 0-0-0 0-0-0 14. a3 Be4 15. Nxe4 dxe4 16. Nd4 Qxe5 17. Bxc6 bxc6 18. Bf4 Qxc5 19. Nxe6 Rxd2 20. Nxc5 Rxd1+ 21. Rxd1 Nd5 22. Rxd5 cxd5 23. Nxa6 Kb7 24. Nc7 Kc6 25. a4 Bc5 26. Bg3 Bxf2 27. Bxf2 Kxc7 28. Bd4 f6 29. a5 Kb7 30. Kd2 h5 31. g5 fxg5 32. Bxg7 Rg8 33. Be5 g4 34. hxg4 h4 35. Ke3 Rxg4 36. Kf2 h3 37. Kf1 d4 38. b4 Ka6 39. Bd6 Rg2 0-1

[Event "Gatineau Outaouais op A"]
[Site "Gatineau"]
[Date "2007.09.22"]
[Round "1"]
[White "Pepin, Christian"]
[Black "Gordon, David"]
[Result "0-1"]
[WhiteElo "1941"]
[BlackElo "2186"]
[PlyCount "68"]
[EventDate "2007.09.22"]
[EventType "swiss"]
[EventRounds "5"]
[EventCountry "CAN"]
[SourceTitle "EXT 2022"]
[Source "ChessBase"]
[SourceDate "2021.10.06"]
[SourceVersion "1"]
[SourceVersionDate "2021.10.06"]
[SourceQuality "1"]

1. e4 c5 2. Nf3 Nc6 3. c3 Nf6 4. Qc2 g6 5. d4 cxd4 6. cxd4 d5 7. e5 Bf5 8. Qb3 Na5 9. Bb5+ Bd7 10. Bxd7+ Qxd7 11. Qd3 Ne4 12. 0-0 Bg7 13. Ng5 Nxg5 14. Bxg5 0-0 15. Nd2 Rfc8 16. Rae1 e6 17. Qh3 Rc2 18. Nf3 Rxb2 19. Bh6 Qe7 20. Ng5 Rc8 21. Nxh7 Rcc2 22. Bg5 Qb4 23. Bf6 Rxf2 24. Rxf2 Qxe1+ 25. Rf1 Qd2 26. Ng5 Bh6 27. Kh1 Qe2 28. g4 Rd2 29. Rg1 Rd1 30. Nf3 Rxg1+ 31. Nxg1 Qe4+ 32. Nf3 Nc4 33. g5 Nd2 34. gxh6 Qxf3+ 0-1

[Event "Gatineau Hull CC 28 Ann-A"]
[Site "Gatineau"]
[Date "2007.09.18"]
[Round "2"]
[White "Pepin, Christian"]
[Black "Chartrand, Jean Bruno"]
[Result "1-0"]
[WhiteElo "1950"]
[BlackElo "2028"]
[PlyCount "55"]
[EventDate "2007.09.11"]
[EventType "tourn"]
[EventRounds "5"]
[EventCountry "CAN"]
[SourceTitle "EXT 2022"]
[Source "ChessBase"]
[SourceDate "2021.10.06"]
[SourceVersion "1"]
[SourceVersionDate "2021.10.06"]
[SourceQuality "1"]

1. e4 Nf6 2. e5 Nd5 3. d4 d6 4. c4 Nb6 5. f4 dxe5 6. fxe5 Nc6 7. Be3 Bf5 8. Nc3 e6 9. Nf3 Be7 10. Be2 0-0 11. 0-0 f6 12. exf6 Bxf6 13. Qd2 Qd7 14. Rad1 Ne7 15. Ng5 Bg6 16. Nce4 Nf5 17. Nxf6+ gxf6 18. Nf3 Nxe3 19. Qxe3 Qe7 20. Nh4 Bf7 21. Nf5 Qd7 22. Nh6+ Kg7 23. Rxf6 Kxf6 24. Ng4+ Ke7 25. Qg5+ Ke8 26. Nf6+ Kd8 27. Nxd7+ Kxd7 28. Qg7 1-0

[Event "Canadian op"]
[Site "Ottawa"]
[Date "2007.07.11"]
[Round "6"]
[White "Taylor, Peter P"]
[Black "Pepin, Christian"]
[Result "1/2-1/2"]
[WhiteElo "2209"]
[BlackElo "1898"]
[PlyCount "52"]
[EventDate "2007.07.07"]
[EventType "swiss"]
[EventRounds "10"]
[EventCountry "CAN"]
[SourceTitle "CBM 119 Extra"]
[Source "ChessBase"]
[SourceDate "2007.09.04"]
[SourceVersion "1"]
[SourceVersionDate "2007.09.04"]
[SourceQuality "1"]

1. Nf3 g6 2. c4 Bg7 3. d4 Nf6 4. Nc3 d5 5. cxd5 Nxd5 6. Bg5 c5 7. Rc1 Nc6 8. Nxd5 Qxd5 9. Rxc5 Qxa2 10. Qc1 Bg4 11. Rxc6 bxc6 12. Qxc6+ Kd8 13. Qxa8+ Kc7 14. Qe4 Qa1+ 15. Kd2 Qa5+ 16. Kd1 Be6 17. Bf4+ Kb6 18. Nd2 Qa1+ 19. Qb1 Bb3+ 20. Ke1 Qa5 21. Be3 Rc8 22. f3 Bc2 23. Qc1 Bf5 24. Qd1 Bc2 25. Qc1 Bf5 26. Qd1 Bc2 1/2-1/2

[Event "Mauricie-ch"]
[Site "Trois Rivieres"]
[Date "2007.03.17"]
[Round "3"]
[White "Poirier, Erik"]
[Black "Pepin, Christian"]
[Result "1/2-1/2"]
[WhiteElo "2063"]
[BlackElo "1957"]
[PlyCount "76"]
[EventDate "2007.03.16"]
[EventType "swiss"]
[EventRounds "5"]
[EventCountry "CAN"]
[SourceTitle "EXT 2022"]
[Source "ChessBase"]
[SourceDate "2021.10.06"]
[SourceVersion "1"]
[SourceVersionDate "2021.10.06"]
[SourceQuality "1"]

1. d4 f5 2. c4 Nf6 3. g3 e6 4. Bg2 d5 5. Nc3 c6 6. b3 Be7 7. Nf3 0-0 8. 0-0 Bd7 9. Bg5 Be8 10. Ne5 Nbd7 11. Bxf6 Bxf6 12. f4 Be7 13. Bf3 Nf6 14. e3 Ne4 15. Nxe4 dxe4 16. Be2 c5 17. Qd2 cxd4 18. exd4 Qc7 19. Rfd1 Rd8 20. b4 Bf6 21. Qe3 Bxe5 22. fxe5 h6 23. Rac1 g5 24. Qc3 Ba4 25. Rd2 f4 26. Bg4 Bd7 27. d5 exd5 28. Bxd7 Rxd7 29. cxd5 Qb6+ 30. Qd4 e3 31. Qxb6 axb6 32. Rd3 Re8 33. e6 Rxe6 34. dxe6 Rxd3 35. Rc8+ Kg7 36. e7 f3 37. h4 Rd1+ 38. Kh2 f2 1/2-1/2

[Event "Gatineau Roger Roy Memorial"]
[Site "Gatineau"]
[Date "2006.10.31"]
[Round "3"]
[White "Chirokova, Elena"]
[Black "Pepin, Christian"]
[Result "0-1"]
[WhiteElo "1335"]
[BlackElo "2070"]
[PlyCount "56"]
[EventDate "2006.10.17"]
[EventType "swiss"]
[EventRounds "5"]
[EventCountry "CAN"]
[SourceTitle "EXT 2022"]
[Source "ChessBase"]
[SourceDate "2021.10.06"]
[SourceVersion "1"]
[SourceVersionDate "2021.10.06"]
[SourceQuality "1"]

1. e4 c6 2. d4 d5 3. e5 Bf5 4. Nf3 e6 5. Be2 c5 6. c3 Nc6 7. Bb5 Qb6 8. Na3 cxd4 9. cxd4 Bxa3 10. Bxc6+ bxc6 11. bxa3 Qa6 12. h3 Ne7 13. a4 0-0 14. Ba3 Rfe8 15. Rc1 Nc8 16. Rc3 Nb6 17. Nh4 Nxa4 18. Rb3 Rab8 19. f3 c5 20. dxc5 Nxc5 21. Bxc5 Qa5+ 22. Bb4 Rxb4 23. 0-0 Rxh4 24. g4 Rxh3 25. gxf5 exf5 26. Kg2 Rh6 27. Qb1 Qd2+ 28. Kg3 Rg6+ 0-1

[Event "Gatineau Roger Roy Memorial"]
[Site "Gatineau"]
[Date "2006.10.24"]
[Round "2"]
[White "Pepin, Christian"]
[Black "Dallaire, Dominic"]
[Result "0-1"]
[WhiteElo "2070"]
[BlackElo "1844"]
[PlyCount "78"]
[EventDate "2006.10.17"]
[EventType "swiss"]
[EventRounds "5"]
[EventCountry "CAN"]
[SourceTitle "EXT 2022"]
[Source "ChessBase"]
[SourceDate "2021.10.06"]
[SourceVersion "1"]
[SourceVersionDate "2021.10.06"]
[SourceQuality "1"]

1. e4 e6 2. d4 d5 3. Nc3 Bb4 4. e5 c5 5. a3 Bxc3+ 6. bxc3 Ne7 7. a4 Qc7 8. Nf3 b6 9. a5 bxa5 10. Bb5+ Bd7 11. Qe2 cxd4 12. 0-0 dxc3 13. Ba3 Bxb5 14. Qxb5+ Nbc6 15. Bd6 Qb6 16. Qd3 Nf5 17. Rfb1 Nb4 18. Bxb4 axb4 19. Qxc3 bxc3 20. Rxb6 0-0 21. Rb7 Rfb8 22. Raxa7 d4 23. g4 d3 24. cxd3 c2 25. Rxb8+ Rxb8 26. Rc7 Rb1+ 27. Kg2 c1Q 28. Rxc1 Rxc1 29. gxf5 exf5 30. Kg3 Rc3 31. d4 g5 32. Kg2 g4 33. Nh4 f4 34. Nf5 h5 35. d5 Kf8 36. e6 fxe6 37. dxe6 Rc5 38. Nd4 Ke7 39. h3 Rd5 0-1

[Event "Gatineau Outaouais op"]
[Site "Gatineau"]
[Date "2006.09.23"]
[Round "2"]
[White "Szalay, Karoly"]
[Black "Pepin, Christian"]
[Result "1-0"]
[WhiteElo "1785"]
[BlackElo "2095"]
[PlyCount "64"]
[EventDate "2006.09.22"]
[EventType "swiss"]
[EventRounds "5"]
[EventCountry "CAN"]
[SourceTitle "EXT 2022"]
[Source "ChessBase"]
[SourceDate "2021.10.06"]
[SourceVersion "1"]
[SourceVersionDate "2021.10.06"]
[SourceQuality "1"]

1. e4 c6 2. d4 d5 3. exd5 cxd5 4. Bd3 Nf6 5. Bf4 Bg4 6. f3 Bh5 7. c3 e6 8. Ne2 Bd6 9. 0-0 0-0 10. Nd2 Bg6 11. Bxg6 hxg6 12. Re1 Nc6 13. Nb3 Qc7 14. Bxd6 Qxd6 15. Nc5 Rab8 16. Nd3 b5 17. b4 a5 18. a3 a4 19. Nc5 Rfe8 20. f4 Ne7 21. g3 Nc8 22. Qd3 Qc6 23. Kg2 Nd6 24. Ng1 Nc4 25. Nf3 Nd7 26. Ne5 Ndxe5 27. fxe5 Re7 28. g4 Kf8 29. Qh3 Kg8 30. g5 f5 31. gxf6 gxf6 32. exf6 Rh7 1-0

[Event "LEO-chA"]
[Site "Gatineau"]
[Date "2006.05.09"]
[Round "5"]
[White "Mai, Lloyd"]
[Black "Pepin, Christian"]
[Result "0-1"]
[WhiteElo "2079"]
[BlackElo "2054"]
[PlyCount "66"]
[EventDate "2006.04.11"]
[EventType "tourn"]
[EventRounds "6"]
[EventCountry "CAN"]
[SourceTitle "EXT 2007"]
[Source "ChessBase"]
[SourceDate "2006.11.23"]
[SourceVersion "1"]
[SourceVersionDate "2006.11.23"]
[SourceQuality "1"]

1. e4 c6 2. d3 d5 3. Nd2 e5 4. Ngf3 Bd6 5. g3 Nf6 6. Bg2 0-0 7. 0-0 h6 8. Nh4 Bg4 9. f3 Bh5 10. Nf5 Bg6 11. Nxd6 Qxd6 12. Qe2 Qc5+ 13. Kh1 Qxc2 14. f4 dxe4 15. dxe4 exf4 16. gxf4 Re8 17. f5 Bh5 18. Qf2 Nbd7 19. Qg3 Kh7 20. Rg1 Rg8 21. e5 Ng4 22. e6 Ndf6 23. h3 Qd3 24. Nf3 Ne4 25. Ng5+ hxg5 26. Bxe4 Qxe4+ 27. Rg2 Nh6 28. exf7 Bxf7 29. Qxg5 Bd5 30. Qg6+ Kh8 31. Bxh6 Qxg2+ 32. Qxg2 Bxg2+ 33. Kxg2 gxh6+ 0-1

[Event "Hull CC-chA"]
[Site "Gatineau"]
[Date "2006.02.21"]
[Round "1"]
[White "Pepin, Christian"]
[Black "Forget, David"]
[Result "1/2-1/2"]
[WhiteElo "2058"]
[BlackElo "1969"]
[PlyCount "29"]
[EventDate "2006.02.08"]
[EventType "tourn"]
[EventRounds "5"]
[EventCountry "CAN"]
[SourceTitle "EXT 2007"]
[Source "ChessBase"]
[SourceDate "2006.11.23"]
[SourceVersion "1"]
[SourceVersionDate "2006.11.23"]
[SourceQuality "1"]

1. e4 e6 2. d4 d5 3. exd5 exd5 4. Bd3 Nc6 5. c3 Bd6 6. Qf3 Nf6 7. h3 0-0 8. Ne2 Re8 9. 0-0 Ne4 10. Bf4 Qf6 11. Na3 a6 12. Rfe1 Bf5 13. Bxd6 Nxd6 14. Ng3 Bxd3 15. Qxd3 1/2-1/2